Tagebuch 1966-1971.

Bibliographic Details
Main Author: Frisch, Max, 1911-1991
Format: Book
Language:German
Published: Frankfurt am Main] : Suhrkamp, [1972]
Edition:[1. Aufl.

MARC

Tag First Indicator Second Indicator Subfields
LEADER 00000cam a2200000 4500
001 in00000156721
005 20151008070035.0
008 721219s1972 gw 00000 ger d
010 |a  72327213  
015 |a GDB*** 
035 |a (OCoLC)00520062 
035 |9 AAS1856AM 
040 |a CWR  |c CWR  |d TXA  |d UtOrBLW 
049 |a TXAM  |c [1025144] 
050 0 0 |a PT2611.R814  |b Z524 1972 
100 1 |a Frisch, Max,  |d 1911-1991. 
245 1 0 |a Tagebuch 1966-1971. 
250 |a [1. Aufl. 
264 1 |a Frankfurt am Main] :  |b Suhrkamp,  |c [1972] 
300 |a 431 pages ;  |c 19 cm. 
336 |a text  |b txt  |2 rdacontent 
337 |a unmediated  |b n  |2 rdamedia 
338 |a volume  |b nc  |2 rdacarrier 
999 |a MARS 
999 f f |s adaf75ec-f762-3b59-81de-7460f583d17e  |i 1e4419b6-4e0d-30a2-9bf9-5db74446b5c2  |t 0 
952 f f |p normal  |a Texas A&M University  |b College Station  |c Sterling C. Evans Library  |d Evans: Library Stacks  |t 0  |e PT2611.R814 Z524 1972  |h Library of Congress classification  |i unmediated -- volume  |m A14823767759 
998 f f |a PT2611.R814 Z524 1972  |t 0  |l Evans: Library Stacks